Statistics for Top 12 Charlotte Hornets Players

Click here to take the quiz!

General Stats

  • This quiz has been taken 111 times
    (101 since last reset)
  • The average score is 7 of 12

Answer Stats

RankPlayerWin Share% Correct
1Kemba Walker48.5
99%
4Larry Johnson41.1
88%
12Alonzo Mourning23.9
85%
3Muggsy Bogues44.8
73%
8Glen Rice28.4
72%
6Dell Curry31.0
68%
2Gerald Wallace45.9
56%
11Emeka Okafor26.2
49%
9Marvin Williams27.5
43%
5Cody Zeller31.0
40%
10David Wesley26.9
35%
7Anthony Mason29.5
25%

Score Distribution

Percentile by Number Answered

Percent of People with Each Score

Your Score History

You have not taken this quiz since the last reset